[Event "FIDE World Rapid Team"]
[Site "London ENG"]
[Date "2025.06.11"]
[Round "2.3"]
[White "Batkhuyag, Munguntuul"]
[Black "Kunz, Andre"]
[Result "1-0"]
[WhiteTitle "IM"]
[BlackTitle "CM"]
[WhiteElo "2356"]
[BlackElo "2128"]
[WhiteTeam "Mongolia-B"]
[BlackTeam "Berlin Lasker Legends"]
[WhiteFideId "4900758"]
[BlackFideId "24623652"]
[EventDate "2025.06.11"]
[EventType "team"]

1. e4 c6 2. Nc3 d5 3. Nf3 Bg4 4. h3 Bh5 5. Be2 e6 6. O-O Nd7 7. d4 dxe4 8. Nxe4
Ngf6 9. Ng3 Bg6 10. c3 Bd6 11. Re1 Qc7 12. Nf1 O-O 13. Ne3 Rfe8 14. Nc4 Bf8 15.
g3 Nd5 16. Nce5 Nxe5 17. Nxe5 c5 18. Bf3 cxd4 19. Qxd4 Bc5 20. Qh4 Rad8 21. Kg2
b5 22. a4 a6 23. Nxg6 hxg6 24. Qe4 Qb6 25. Qe2 Rd7 26. axb5 axb5 27. h4 Red8 28.
Rh1 Nf6 29. b4 Be7 30. Be3 Qc7 31. Bd4 Nd5 32. h5 Nxc3 33. Bxc3 Qxc3 34. hxg6
Rd2 35. Qe1 Bxb4 36. Ra7 Qxf3+ 37. Kxf3 R2d3+ 38. Kg2 1-0

[Event "FIDE World Rapid Team"]
[Site "London ENG"]
[Date "2025.06.11"]
[Round "2.4"]
[White "Stein, Theodor"]
[Black "Mungunzul, Bat-Erdene"]
[Result "0-1"]
[BlackTitle "WCM"]
[WhiteElo "1877"]
[BlackElo "2337"]
[WhiteTeam "Berlin Lasker Legends"]
[BlackTeam "Mongolia-B"]
[WhiteFideId "34602801"]
[BlackFideId "4902831"]
[EventDate "2025.06.11"]
[EventType "team"]

1. Nf3 d5 2. g3 Bg4 3. Bg2 Nd7 4. d4 Ngf6 5. O-O e6 6. c4 c6 7. cxd5 exd5 8. h3
Bh5 9. Qb3 Qb6 10. Bf4 Qxb3 11. axb3 a6 12. Nc3 Be7 13. Rfe1 O-O 14. Ne5 Nxe5
15. Bxe5 Nd7 16. Bf4 g5 17. Bd2 f5 18. e3 Kg7 19. Rec1 Bd6 20. Na4 Rae8 21. Nc5
Nxc5 22. dxc5 Be5 23. Bc3 f4 24. exf4 gxf4 25. Ra4 fxg3 26. fxg3 Bxc3 27. bxc3
Re2 28. g4 Bg6 29. Rf1 Rfe8 30. Raf4 R8e3 31. R4f3 Rxf3 32. Rxf3 a5 33. Rf1 Rb2
34. Ra1 Rxb3 35. Rxa5 Rxc3 36. Kh2 Kf6 37. Ra7 Rb3 38. h4 Ke5 39. h5 Bb1 40. Ra4
Kf6 41. Rd4 Kg5 42. Kg1 Rg3 43. Kf2 Rxg4 44. Rd1 Rb4 45. Bf3 Kf4 46. Rh1 Rb2+
47. Be2 Bd3 48. Rh4+ Ke5 49. Ke3 Bxe2 50. h6 d4+ 51. Kf2 Bg4+ 52. Ke1 Kf4 53.
Rh1 Rb1+ 54. Kf2 Rxh1 55. Kg2 Rb1 56. Kf2 Rb2+ 57. Kg1 Kg3 58. Kf1 Rb1# 0-1

[Event "FIDE World Rapid Team"]
[Site "London ENG"]
[Date "2025.06.11"]
[Round "2.5"]
[White "Sodbilegt, Naranbold"]
[Black "Ho, Ngoc Hai-Dang"]
[Result "1-0"]
[WhiteTitle "FM"]
[WhiteElo "2363"]
[BlackElo "1932"]
[WhiteTeam "Mongolia-B"]
[BlackTeam "Berlin Lasker Legends"]
[WhiteFideId "4903528"]
[BlackFideId "16206509"]
[EventDate "2025.06.11"]
[EventType "team"]

1. e4 e5 2. Nf3 Nc6 3. Bb5 a6 4. Ba4 Nf6 5. O-O Nxe4 6. d4 b5 7. Bb3 d5 8. dxe5
Be6 9. Qe2 Nc5 10. Rd1 Be7 11. h3 O-O 12. Nc3 Nxb3 13. axb3 Nb4 14. Ne4 Bf5 15.
c3 Bxe4 16. cxb4 Bxb4 17. Nd4 Qe8 18. f3 Bg6 19. f4 Be4 20. Nf3 f6 21. exf6 Rxf6
22. Be3 Bd6 23. Rac1 Rc8 24. Ng5 Bxf4 25. Bxf4 Rxf4 26. Qe3 Rf5 27. Nxe4 dxe4
28. Rd4 Re5 29. b4 Qe7 30. Rc6 Rf8 31. Rxa6 c5 32. bxc5 Ref5 33. Rxe4 Rf1+ 34.
Kh2 Qc7+ 35. Rd6 R1f6 36. Re7 Qb8 37. Qg3 g6 38. Rdd7 Qxg3+ 39. Kxg3 Rc8 40.
Rg7+ Kf8 41. Rxh7 Kg8 42. Rdg7+ Kf8 43. Rb7 Kg8 44. Rhg7+ Kf8 45. b4 Ra8 46.
Rgc7 Kg8 47. Rxb5 Ra3+ 48. Kh2 Rf8 49. Rcb7 Raa8 50. R5b6 Ra2 51. Rb8 1-0

[Event "FIDE World Rapid Team"]
[Site "London ENG"]
[Date "2025.06.11"]
[Round "2.6"]
[White "Schuster, Rebekka"]
[Black "Enkhbayar, Genden"]
[Result "0-1"]
[WhiteElo "1806"]
[BlackElo "1837"]
[WhiteTeam "Berlin Lasker Legends"]
[BlackTeam "Mongolia-B"]
[WhiteFideId "24674095"]
[BlackFideId "4928415"]
[EventDate "2025.06.11"]
[EventType "team"]

1. e4 e5 2. Nf3 Nc6 3. Bc4 Bc5 4. c3 d6 5. d3 Nf6 6. Nbd2 Bb6 7. Bb3 O-O 8. h3
Ne7 9. Nc4 Bc5 10. Bg5 Ng6 11. Be3 b5 12. Ncd2 Bxe3 13. fxe3 a5 14. O-O a4 15.
Bc2 Bd7 16. Qe1 Nh5 17. g4 Nf6 18. Qg3 c5 19. d4 cxd4 20. exd4 Qc7 21. Rac1 Rae8
22. Nh4 Nf4 23. Rxf4 exf4 24. Qxf4 h6 25. Ndf3 Nh7 26. Nf5 Bxf5 27. gxf5 Qe7 28.
Kh2 Ng5 29. Rg1 Nxf3+ 30. Qxf3 Qf6 31. b3 Rc8 32. bxa4 b4 33. Bb3 Rxc3 34. Qh5
Kh7 35. Qd1 Qh4 36. Qf1 Qxe4 37. f6 g6 38. Rg4 Qe3 39. a5 h5 40. Rh4 Rd3 41. Qg2
Rd2 0-1

[Event "FIDE World Rapid Team"]
[Site "London ENG"]
[Date "2025.06.11"]
[Round "2.1"]
[White "Grahn, Vidar"]
[Black "Schneider, Ilja"]
[Result "0-1"]
[WhiteTitle "FM"]
[BlackTitle "IM"]
[WhiteElo "2239"]
[BlackElo "2417"]
[WhiteTeam "Uppsala SSS"]
[BlackTeam "Berlin Chess Federation"]
[WhiteFideId "1744780"]
[BlackFideId "4663306"]
[EventDate "2025.06.11"]
[EventType "team"]

1. d4 Nf6 2. c4 e6 3. Nf3 d5 4. g3 dxc4 5. Bg2 a6 6. O-O Nc6 7. Nbd2 b5 8. b3 c3
9. Nb1 b4 10. a3 Rb8 11. axb4 Bxb4 12. Qd3 e5 13. Nxc3 exd4 14. Na4 O-O 15. Bb2
Na5 16. Bxd4 Be6 17. Rab1 Qd6 18. Rfd1 c5 19. Bxc5 Qxd3 20. exd3 Rfc8 21. Bxb4
Rxb4 22. Nd2 Nxb3 23. Nxb3 Bxb3 24. Rdc1 Rxc1+ 25. Rxc1 Bxa4 0-1

[Event "FIDE World Rapid Team"]
[Site "London ENG"]
[Date "2025.06.11"]
[Round "2.2"]
[White "Fromm, Marius"]
[Black "Strom-Engdahl, Alexander"]
[Result "1-0"]
[WhiteTitle "IM"]
[BlackTitle "FM"]
[WhiteElo "2444"]
[BlackElo "2320"]
[WhiteTeam "Berlin Chess Federation"]
[BlackTeam "Uppsala SSS"]
[WhiteFideId "12993190"]
[BlackFideId "1741586"]
[EventDate "2025.06.11"]
[EventType "team"]

1. e4 g6 2. d4 Bg7 3. Nc3 d6 4. Be3 a6 5. a4 Nf6 6. Nf3 O-O 7. Qd2 Nc6 8. h3 e5
9. d5 Ne7 10. g4 b6 11. Bc4 Bb7 12. Rd1 Qe8 13. Rg1 Bc8 14. Nh4 Bd7 15. Nf5 Nxf5
16. exf5 b5 17. axb5 axb5 18. Bb3 b4 19. Ne2 Bb5 20. Ng3 Nd7 21. g5 e4 22. Qxb4
Ne5 23. Qxe4 gxf5 24. Nxf5 Qd7 25. Rg3 Rfe8 26. Nxg7 Nd3+ 27. Qxd3 Bxd3 28. Nxe8
Qxe8 29. Rxd3 Qe4 30. Ke2 Ra1 31. Rd1 Ra5 32. Rd4 Qh1 33. Rd1 Qe4 34. Rg4 Qe5
35. Rdd4 Qh2 36. Rde4 Kf8 37. Bd4 Ra8 38. Bf6 Qh1 39. Ba4 Qxh3 40. Bc6 Rb8 41.
Rh4 Qf5 42. f3 Kg8 43. b3 Qc8 44. Re8+ Qxe8+ 45. Bxe8 Rxe8+ 46. Re4 1-0

[Event "FIDE World Rapid Team"]
[Site "London ENG"]
[Date "2025.06.11"]
[Round "2.3"]
[White "Frank, Anton"]
[Black "Florstedt, Johannes"]
[Result "1-0"]
[WhiteTitle "CM"]
[BlackTitle "FM"]
[WhiteElo "2183"]
[BlackElo "2391"]
[WhiteTeam "Uppsala SSS"]
[BlackTeam "Berlin Chess Federation"]
[WhiteFideId "1752383"]
[BlackFideId "12922293"]
[EventDate "2025.06.11"]
[EventType "team"]

1. e4 c5 2. Nf3 d6 3. d4 cxd4 4. Nxd4 Nf6 5. Nc3 Nc6 6. Bg5 e6 7. Qd2 a6 8.
O-O-O Be7 9. Bxf6 gxf6 10. f4 Nxd4 11. Qxd4 Qa5 12. Kb1 Bd7 13. Be2 Qc5 14. Qd2
O-O-O 15. Rhe1 Kb8 16. Bf3 h5 17. Re3 Rc8 18. Ne2 b5 19. Rc3 Qb6 20. Rxc8+ Bxc8
21. Nd4 Bd7 22. Qe2 h4 23. c3 Rc8 24. Qe1 Bd8 25. Nc2 a5 26. Qxh4 b4 27. cxb4
axb4 28. Qe1 Rc4 29. b3 Rc3 30. Kb2 f5 31. e5 dxe5 32. Rxd7 Rxc2+ 33. Kxc2 Qc5+
34. Kb1 Bf6 35. Rb7+ Kc8 36. fxe5 Bg5 37. Qd1 1-0

[Event "FIDE World Rapid Team"]
[Site "London ENG"]
[Date "2025.06.11"]
[Round "2.4"]
[White "Schulze, Lara"]
[Black "Nilsson, Oliver"]
[Result "0-1"]
[WhiteTitle "FM"]
[WhiteElo "2317"]
[BlackElo "2129"]
[WhiteTeam "Berlin Chess Federation"]
[BlackTeam "Uppsala SSS"]
[WhiteFideId "12956830"]
[BlackFideId "1730177"]
[EventDate "2025.06.11"]
[EventType "team"]

1. e4 c5 2. Nf3 d6 3. Bb5+ Bd7 4. c4 Nf6 5. Nc3 Nc6 6. O-O a6 7. Ba4 Ne5 8.
Bxd7+ Nfxd7 9. d3 e6 10. Ne1 g5 11. f4 gxf4 12. Bxf4 Bg7 13. Nf3 Qe7 14. Nxe5
Bxe5 15. Bxe5 Nxe5 16. d4 cxd4 17. Qxd4 Qc7 18. Kh1 Qc5 19. Qd1 Nxc4 20. Qf3 Ne5
21. Qf6 Rg8 22. Rac1 Qe3 23. Rcd1 Rd8 24. Rxd6 Rxd6 25. Qxe5 Qg5 26. Qxg5 Rxg5
27. Rf2 b5 28. g3 b4 29. Na4 Re5 30. Rf4 Ra5 31. b3 Rd1+ 32. Kg2 Rd2+ 33. Rf2
Rxf2+ 34. Kxf2 Rb5 35. Nb2 Rc5 36. Nc4 e5 37. Ke3 a5 38. Kd3 Ke7 39. Ne3 Ke6 40.
Nc4 f6 41. Ne3 Rc1 42. Nc4 Rc3+ 43. Kd2 a4 44. Na5 a3 45. Nb7 Kd7 46. Na5 Kc7
47. Nc4 Rxc4 48. bxc4 b3 0-1

[Event "FIDE World Rapid Team"]
[Site "London ENG"]
[Date "2025.06.11"]
[Round "2.5"]
[White "Ostensson, Julia"]
[Black "Rath, Alina"]
[Result "1-0"]
[BlackTitle "CM"]
[WhiteElo "1996"]
[BlackElo "2019"]
[WhiteTeam "Uppsala SSS"]
[BlackTeam "Berlin Chess Federation"]
[WhiteFideId "1747703"]
[BlackFideId "24607886"]
[EventDate "2025.06.11"]
[EventType "team"]

1. d4 d5 2. c4 e6 3. Nf3 c5 4. cxd5 exd5 5. Bg5 Be7 6. Bxe7 Nxe7 7. e3 Nbc6 8.
Be2 O-O 9. O-O c4 10. Nc3 Rb8 11. e4 b5 12. h3 h6 13. a4 a6 14. axb5 axb5 15. b3
dxe4 16. Nxe4 cxb3 17. Nc5 Bf5 18. Qxb3 b4 19. Rfd1 Nd5 20. Ne5 Nce7 21. Bc4 Rb6
22. Ra7 Rd6 23. Qf3 Bc8 24. Bb3 Rf6 25. Qg3 Nc3 26. Rd2 Nf5 27. Qd3 Ne7 28. Ne4
Nxe4 29. Qxe4 Bf5 30. Qb7 Nc8 31. Nxf7 R8xf7 32. Bxf7+ Kh8 33. Ra8 Rb6 34. Qf3
Bd7 35. Rc2 Qf8 36. Qd5 Rd6 37. Qb3 Rb6 38. Bd5 g6 39. Be4 Kg7 40. d5 Qe7 41.
Qb2+ Rf6 42. Re2 Qd6 43. Bd3 Nb6 44. Ra6 Bc8 45. Ra7+ Bd7 46. Re6 Qf4 47. Qxf6+
Qxf6 48. Rxf6 Kxf6 49. Ra6 1-0

[Event "FIDE World Rapid Team"]
[Site "London ENG"]
[Date "2025.06.11"]
[Round "2.6"]
[White "Ziems, Michael"]
[Black "Morell, Edvin"]
[Result "0-1"]
[WhiteElo "1904"]
[BlackElo "1944"]
[WhiteTeam "Berlin Chess Federation"]
[BlackTeam "Uppsala SSS"]
[WhiteFideId "24678490"]
[BlackFideId "1722050"]
[EventDate "2025.06.11"]
[EventType "team"]

1. d4 Nf6 2. c4 c5 3. e3 g6 4. Nc3 Bg7 5. Nf3 O-O 6. Be2 cxd4 7. exd4 d5 8. O-O
Nc6 9. h3 dxc4 10. Bxc4 Na5 11. Be2 Be6 12. Bf4 a6 13. Rc1 Bc4 14. Bxc4 Nxc4 15.
Qe2 Nb6 16. Rfd1 Nbd5 17. Be5 Rc8 18. Nxd5 Qxd5 19. b3 Rfd8 20. Bc7 Re8 21. Be5
Rc6 22. Rxc6 Qxc6 23. Qb2 Nd5 24. Rc1 Qd7 25. Bxg7 Kxg7 26. Ne5 Qf5 27. Rc5 e6
28. Qc2 Qg5 29. Nf3 Qf4 30. Qe2 Rd8 31. g3 Qf5 32. Kh2 h6 33. Nh4 Qf6 34. Nf3 g5
35. Ne5 Qf5 36. Nf3 h5 37. Qe5+ Kg6 38. Qxf5+ Kxf5 39. Kg2 f6 40. a3 Ke4 41. Rc4
g4 42. hxg4 hxg4 43. Ne1 Rd6 44. Nc2 Rb6 45. b4 Rc6 46. Rc5 Kd3 47. Ne1+ Kxd4
48. Nc2+ Ke4 49. Rxc6 bxc6 50. Ne1 Kd4 51. f3 gxf3+ 52. Nxf3+ Kc3 53. Kf2 Kb3
54. Nd4+ Kxa3 55. Nxc6 Nxb4 56. Nd4 e5 57. Nf3 Kb3 58. Ke3 a5 59. Nd2+ Kc3 60.
Ne4+ Kc2 61. Nc5 Kc3 62. Ke4 Kc4 63. Na4 Nd5 64. Kf5 Kb4 65. Nb2 a4 66. Ke4 a3
67. Nd3+ Kc4 68. Nc1 Nc3+ 69. Kf5 Ne2 0-1

[Event "FIDE World Rapid Team"]
[Site "London ENG"]
[Date "2025.06.11"]
[Round "2.1"]
[White "Rakotomaharo, Fy Antenaina"]
[Black "O'Gorman, Tom"]
[Result "0-1"]
[WhiteTitle "IM"]
[BlackTitle "IM"]
[WhiteElo "2441"]
[BlackElo "2379"]
[WhiteTeam "Mother Continent"]
[BlackTeam "Oxbridge"]
[WhiteFideId "13100050"]
[BlackFideId "2508249"]
[EventDate "2025.06.11"]
[EventType "team"]

1. e4 e5 2. Nf3 Nc6 3. Bc4 Bc5 4. d3 Nf6 5. Nc3 d6 6. Na4 O-O 7. a3 Qe7 8. h3
Be6 9. Bxe6 Qxe6 10. O-O Rad8 11. Re1 h6 12. Nh4 Rfe8 13. Nf5 Nd4 14. Ng3 Qd7
15. c3 Nc6 16. b4 Bb6 17. Qf3 Qe6 18. Nf5 Ne7 19. g4 Nxf5 20. gxf5 Qb3 21. Nxb6
axb6 22. c4 b5 23. Qg3 Kh7 24. cxb5 d5 25. exd5 Qxd5 26. Bb2 Nh5 27. Qg4 Nf4 28.
Rad1 f6 29. Bc1 Qxb5 30. d4 Qc6 31. Kh2 Rg8 32. Bxf4 exf4 33. Re6 Qc2 34. Rg1 f3
35. Re7 Qxf2+ 36. Kh1 Kh8 37. Rxg7 Qxg1+ 38. Qxg1 Rxg7 39. Qe3 Rd6 40. Qxh6+ Kg8
41. Qe3 c6 42. a4 Rd5 43. Qe8+ Kh7 44. Qh5+ Kg8 45. Qxf3 Rxd4 46. b5 cxb5 47.
axb5 Rgd7 48. Kg2 Rd2+ 49. Kf1 Rd1+ 50. Kf2 R7d2+ 0-1

[Event "FIDE World Rapid Team"]
[Site "London ENG"]
[Date "2025.06.11"]
[Round "2.2"]
[White "Sivakumar, Ashvin"]
[Black "Wanyama, Harold"]
[Result "0-1"]
[WhiteTitle "FM"]
[BlackTitle "FM"]
[WhiteElo "2175"]
[BlackElo "2143"]
[WhiteTeam "Oxbridge"]
[BlackTeam "Mother Continent"]
[WhiteFideId "5804655"]
[BlackFideId "10000380"]
[EventDate "2025.06.11"]
[EventType "team"]

1. d4 Nf6 2. Nf3 g6 3. Bg5 Bg7 4. Nbd2 h6 5. Bh4 d5 6. e3 b6 7. c4 O-O 8. Rc1 c6
9. Be2 a5 10. Ne5 Bb7 11. cxd5 Nxd5 12. O-O c5 13. Ndf3 cxd4 14. exd4 Nf4 15.
Bc4 Bd5 16. Re1 Ra7 17. Bg3 Bxc4 18. Nxc4 Nd5 19. Qb3 a4 20. Qd3 Nc6 21. a3 Kh7
22. Nfe5 Nb8 23. Qf3 f5 24. Nxg6 Kxg6 25. Bxb8 Qxb8 26. Qxd5 Qd8 27. Nxb6 Bxd4
28. Rc6+ Kg7 29. Qf3 e5 30. Nc4 e4 31. Qg3+ Qg5 32. Qd6 Rd8 33. Rc7+ Kh8 34. Qc6
Qf4 0-1

[Event "FIDE World Rapid Team"]
[Site "London ENG"]
[Date "2025.06.11"]
[Round "2.3"]
[White "George Samir, David"]
[Black "Goh, Jinghan Cameron"]
[Result "1-0"]
[WhiteTitle "FM"]
[WhiteElo "2356"]
[BlackElo "2178"]
[WhiteTeam "Mother Continent"]
[BlackTeam "Oxbridge"]
[WhiteFideId "10657789"]
[BlackFideId "5804540"]
[EventDate "2025.06.11"]
[EventType "team"]

1. e4 c5 2. Nf3 e6 3. d4 cxd4 4. Nxd4 a6 5. Bd3 Bc5 6. Nb3 Ba7 7. O-O Nc6 8. c4
Nge7 9. Nc3 d5 10. exd5 exd5 11. cxd5 Nxd5 12. Re1+ Be6 13. Qh5 Nxc3 14. bxc3
Qf6 15. Bg5 Qxf2+ 16. Kh1 g6 17. Bxg6 fxg6 18. Rxe6+ Kd7 19. Qg4 Qf5 20. Rd1+
Kc7 21. Qg3+ Kc8 22. Rf6 Qc2 23. Qg4+ Kc7 24. Rf7+ Kb6 25. Be3+ 1-0

[Event "FIDE World Rapid Team"]
[Site "London ENG"]
[Date "2025.06.11"]
[Round "2.4"]
[White "Gallagher, Daniel GH"]
[Black "Mhango, Banele"]
[Result "0-1"]
[BlackTitle "FM"]
[WhiteElo "2251"]
[BlackElo "2236"]
[WhiteTeam "Oxbridge"]
[BlackTeam "Mother Continent"]
[WhiteFideId "436550"]
[BlackFideId "14327040"]
[EventDate "2025.06.11"]
[EventType "team"]

1. Nf3 Nf6 2. g3 g6 3. Bg2 Bg7 4. d4 O-O 5. O-O d6 6. Nc3 Nbd7 7. a4 a5 8. Bf4
Nh5 9. Be3 c6 10. Qd2 Nb6 11. b3 Re8 12. Bh6 Bh8 13. e4 Qc7 14. Rad1 Nd7 15. h3
Nhf6 16. Rfe1 e5 17. dxe5 dxe5 18. Qd6 Qxd6 19. Rxd6 Bg7 20. Bxg7 Kxg7 21. h4
Nc5 22. Bf1 Bg4 23. Nd2 Be6 24. Nc4 Bxc4 25. Bxc4 Rad8 26. Red1 Rxd6 27. Rxd6
Re7 28. f3 Rd7 29. Rxd7 Nfxd7 30. Nd1 Nb6 31. Bf1 Kf6 32. Bh3 Ke7 33. Kf2 Kd6
34. Ke3 Na6 35. Kd2 Nb4 36. c3 Na6 37. Kc2 Nc5 38. Nf2 f6 39. Nd3 Nxd3 40. Kxd3
Na8 41. Bc8 b6 42. Ba6 Nc7 43. Bc4 h6 44. b4 axb4 45. cxb4 b5 46. axb5 cxb5 47.
Bf7 g5 48. hxg5 fxg5 49. Kc3 Ke7 50. Bb3 h5 51. Kd3 Na6 52. Ke3 Nxb4 53. f4 Kf6
54. Bd1 g4 55. Be2 Nc2+ 56. Kd3 Nd4 57. Bf1 b4 58. Kc4 b3 59. Kd5 b2 60. fxe5+
Ke7 61. Bd3 Ne2 62. e6 h4 0-1

[Event "FIDE World Rapid Team"]
[Site "London ENG"]
[Date "2025.06.11"]
[Round "2.5"]
[White "QUICKPEN, Deborah Ebimobo-ere"]
[Black "Hng, Mei-Xian Eunice"]
[Result "0-1"]
[WhiteTitle "WCM"]
[BlackTitle "WFM"]
[WhiteElo "2081"]
[BlackElo "2066"]
[WhiteTeam "Mother Continent"]
[BlackTeam "Oxbridge"]
[WhiteFideId "8511616"]
[BlackFideId "5806585"]
[EventDate "2025.06.11"]
[EventType "team"]

1. e4 c5 2. Nf3 e6 3. d4 cxd4 4. Nxd4 a6 5. Bd3 Bc5 6. Nb3 Ba7 7. Nc3 Nc6 8. Bf4
d6 9. O-O Nf6 10. Be2 e5 11. Bg5 h6 12. Bxf6 Qxf6 13. Nd5 Qd8 14. Bg4 Be6 15.
Bxe6 fxe6 16. Qh5+ Kd7 17. Qg4 Qg5 18. Qh3 Rhf8 19. Rad1 Rf7 20. Rd3 Raf8 21.
Rd2 Rf3 22. g3 Rxb3 23. axb3 Qxd2 24. Ne3 Bxe3 25. fxe3 Qxe3+ 26. Kh1 Qxe4+ 27.
Kg1 Qe3+ 28. Kh1 Rf2 29. Rd1 Qf3+ 30. Kg1 Qxd1+ 31. Kxf2 Qxc2+ 32. Kg1 Nd4 33.
Qg4 Nf5 34. Qa4+ Qc6 35. Qg4 Qc1+ 36. Kf2 Qd2+ 37. Kg1 Qe1+ 0-1

[Event "FIDE World Rapid Team"]
[Site "London ENG"]
[Date "2025.06.11"]
[Round "2.1"]
[White "Bryant, Harry"]
[Black "Chinguun, Sumiya"]
[Result "0-1"]
[BlackTitle "FM"]
[WhiteElo "2062"]
[BlackElo "2415"]
[WhiteTeam "The London Legends"]
[BlackTeam "The MongolZ"]
[WhiteFideId "489158"]
[BlackFideId "4902572"]
[EventDate "2025.06.11"]
[EventType "team"]

1. e4 c5 2. Nf3 d6 3. d4 cxd4 4. Nxd4 Nf6 5. Nc3 a6 6. f4 e5 7. Nf3 Qc7 8. Bd3
Bg4 9. h3 Be6 10. a4 Nc6 11. O-O Be7 12. Qe1 O-O 13. g4 exf4 14. Bxf4 Ne5 15.
Qg3 Nfd7 16. Nd4 Qb6 17. Be3 Qxb2 18. Nce2 Qb4 19. a5 Nxd3 20. cxd3 d5 21. Rfb1
Qd6 22. Qxd6 Bxd6 23. Rxb7 Ne5 24. Nf4 Bc8 25. Rb3 dxe4 26. dxe4 Nc4 27. Nfe2
Re8 28. Ra4 Nxe3 29. Rxe3 Bb7 30. Nb3 Rac8 31. Rd4 Bb8 32. Rb4 Ba7 33. Nbd4 Bxe4
34. Kh2 h6 35. Ng3 Bd5 36. Rxe8+ Rxe8 37. Ngf5 g6 38. Ng3 Bc5 39. Ra4 Bd6 40.
Ra3 Bxa3 0-1

[Event "FIDE World Rapid Team"]
[Site "London ENG"]
[Date "2025.06.11"]
[Round "2.3"]
[White "Patel, Zain"]
[Black "Itgelt, Khuyagtsogt"]
[Result "0-1"]
[BlackTitle "IM"]
[WhiteElo "2045"]
[BlackElo "2425"]
[WhiteTeam "The London Legends"]
[BlackTeam "The MongolZ"]
[WhiteFideId "469246"]
[BlackFideId "4902912"]
[EventDate "2025.06.11"]
[EventType "team"]

1. Nf3 Nf6 2. d4 d5 3. e3 g6 4. c4 Bg7 5. cxd5 O-O 6. Nc3 Nxd5 7. e4 Nxc3 8.
bxc3 c5 9. h3 Nc6 10. Be3 Qa5 11. Bd2 cxd4 12. cxd4 Qa3 13. d5 Nb4 14. Rb1 Nd3+
15. Bxd3 Qxd3 16. Rb4 b6 17. Qb3 Ba6 18. Qxd3 Bxd3 19. e5 Rfc8 20. Rd4 Ba6 21.
Ra4 Bb5 22. Rb4 Bc4 23. d6 exd6 24. exd6 Re8+ 25. Kd1 Be2+ 26. Kc2 Rac8+ 27. Kb3
Red8 28. Nd4 Bd3 29. Be3 Rxd6 30. Rd1 Bc2+ 31. Nxc2 Rxd1 32. Nd4 Rd3+ 33. Ka4 a5
34. Rb3 Rxd4+ 0-1

[Event "FIDE World Rapid Team"]
[Site "London ENG"]
[Date "2025.06.11"]
[Round "2.4"]
[White "Nomin-Erdene, Davaademberel"]
[Black "Vashisht-Pigem, Raman"]
[Result "0-1"]
[WhiteTitle "IM"]
[WhiteElo "2293"]
[BlackElo "1965"]
[WhiteTeam "The MongolZ"]
[BlackTeam "The London Legends"]
[WhiteFideId "4900782"]
[BlackFideId "469734"]
[EventDate "2025.06.11"]
[EventType "team"]

1. f4 d5 2. Nf3 Nf6 3. g3 c5 4. Bg2 Nc6 5. O-O g6 6. d3 Bg7 7. c3 O-O 8. Na3 b6
9. Qc2 Bb7 10. e4 dxe4 11. dxe4 e5 12. fxe5 Ng4 13. Bg5 Qb8 14. e6 fxe6 15. Qb3
Qe8 16. Nc4 Ba6 17. h3 Bxc4 18. Qxc4 Nge5 19. Nxe5 Rxf1+ 20. Rxf1 Nxe5 21. Qe2
h6 22. Bc1 Rd8 23. Rd1 Rxd1+ 24. Qxd1 Qd7 25. Qxd7 Nxd7 26. Bd2 Ne5 27. b3 Kf7
28. Kf2 Ke7 29. Ke2 Kd6 30. Be3 Nc6 31. Kd2 h5 32. Bf3 Ne5 33. Be2 Nf7 34. Bb5
Ke7 35. b4 cxb4 36. cxb4 Bh6 37. Bxh6 Nxh6 38. Ke3 Nf7 39. Be2 Kd6 40. Kd4 Ne5
41. Bb5 g5 42. h4 gxh4 43. gxh4 Nf3+ 44. Kd3 Nxh4 45. Be8 Ng2 46. Ke2 Nf4+ 47.
Kf3 Ke5 48. Bc6 Nd3 49. a3 Kf6 50. Kg3 Kg5 51. Bd7 h4+ 52. Kh2 e5 53. Bf5 Nf2
54. Kg2 Ng4 55. Kh3 Nf6 56. Kh2 Kf4 57. Kh3 Nxe4 58. Bd7 Nf6 59. Bb5 Kg5 60. Bc6
e4 61. a4 e3 62. Kg2 Kf4 63. a5 bxa5 64. bxa5 Ne4 65. Bb5 Nc3 66. Ba6 e2 67. Kf2
h3 68. Bb7 Ne4+ 69. Kxe2 h2 0-1

[Event "FIDE World Rapid Team"]
[Site "London ENG"]
[Date "2025.06.11"]
[Round "2.5"]
[White "Mokhber-Garcia, Sebastian"]
[Black "Ulziikhishig Khishigbat"]
[Result "0-1"]
[BlackTitle "FM"]
[WhiteElo "1853"]
[BlackElo "2266"]
[WhiteTeam "The London Legends"]
[BlackTeam "The MongolZ"]
[WhiteFideId "499269"]
[BlackFideId "4908120"]
[EventDate "2025.06.11"]
[EventType "team"]

1. d4 Nf6 2. c4 e6 3. Nc3 d5 4. cxd5 exd5 5. Bg5 c6 6. e3 Be7 7. Bd3 O-O 8. Nge2
h6 9. Bh4 Nh5 10. Bxe7 Qxe7 11. Ng3 Nxg3 12. hxg3 Nd7 13. Qh5 Nf6 14. Qh4 Re8
15. O-O-O a5 16. Rhe1 a4 17. a3 Be6 18. e4 dxe4 19. Nxe4 Nxe4 20. Qxe7 Rxe7 21.
Rxe4 Rd7 22. Kd2 Rad8 23. Kc3 Bd5 24. Re3 Bxg2 25. Bc2 c5 26. d5 b5 27. f3 Kf8
28. Be4 Re8 29. Re2 f5 30. Bxf5 Rxe2 31. Bxd7 Re3+ 32. Rd3 b4+ 33. Kd2 Rxf3 34.
d6 Rxd3+ 35. Kxd3 bxa3 36. bxa3 Bd5 37. Bxa4 Kf7 38. Bd7 Kf6 39. Bb5 Ke6 40. d7
Ke7 41. a4 h5 42. a5 g5 43. a6 h4 44. gxh4 gxh4 45. Bc4 Bc6 46. Be6 Bb5+ 47. Ke3
Bxa6 48. Ke4 Bb5 49. Ke5 Bxd7 50. Bd5 h3 51. Bh1 c4 52. Kd4 Be6 53. Bf3 Kf6 54.
Bh1 Kg5 55. Be4 Kf4 56. Bh1 Bg4 57. Bd5 Bf3 58. Be6 h2 59. Bxc4 h1=Q 60. Bd3
Qa1+ 61. Kc4 Qa3 62. Bh7 Be4 63. Kd4 0-1

[Event "FIDE World Rapid Team"]
[Site "London ENG"]
[Date "2025.06.11"]
[Round "2.6"]
[White "Araya Fuentes, Cristian"]
[Black "Kodukula, Sameera"]
[Result "1-0"]
[WhiteElo "1921"]
[BlackElo "1647"]
[WhiteTeam "The MongolZ"]
[BlackTeam "The London Legends"]
[WhiteFideId "6502946"]
[BlackFideId "343413994"]
[EventDate "2025.06.11"]
[EventType "team"]

1. Nf3 e6 2. g3 d5 3. Bg2 Nf6 4. d3 Be7 5. Nbd2 Nbd7 6. e4 dxe4 7. dxe4 c6 8.
O-O O-O 9. c3 Nb6 10. Qe2 Qc7 11. Re1 Bc5 12. Nb3 Be7 13. Bf4 Qd8 14. Rad1 Bd7
15. Rd2 Nh5 16. Be5 Nf6 17. h3 Qc8 18. Red1 Rd8 19. Bd6 Bxd6 20. Rxd6 Qc7 21.
Nc5 Ne8 22. R6d2 Nf6 23. c4 Be8 24. Rxd8 Rxd8 25. Rxd8 Qxd8 26. Nxb7 Qe7 27. Na5
Qb4 28. Qd2 Qa4 29. b3 Qa3 30. Ne5 Qc5 31. Ng4 Nxe4 32. Bxe4 f5 33. Bf3 fxg4 34.
Bxg4 Qe7 35. Bf3 Qc7 36. a3 Bd7 37. b4 Qc8 38. Qd6 Qf8 39. Qd3 Qc8 40. Be4 h6
41. Qd6 Qf8 42. Qc7 Qa8 43. c5 1-0